00873nam a2200229Ia 4500008004100000020001800041040001800059041000800077110004600085245008400131260006200215300004500277650003400322650004100356650002700397650002300424650003800447650004100485650005300526650003700579700002700616130821s2009 ck a gr spa  a9789586780278 aCo-BoUCMbspa00aspa1 aColombia.bSuperintendencia de Sociedades10aEmpresas Colombianas actualidad y perspectivascSuperintendencia de Sociedades aBogotá (Colombia)bSuperintendencia de Sociedadesc2009 a320 páginasbilustraciones, gráficas04aCiclos económicoszColombia04aConcentración industrialzColombia04aEconomía del trabajo04aEmpresaszColombia04aÉtica de los negocioszColombia04aFinanciamiento de empresaszColombia04aResponsabilidad social de los negocioszColombia04aSociedades comercialeszColombia1 aRuiz López, Hernando